Reinventing the factoring II : Managing the world class factory

Spremljeno u:
Bibliografski detalji
Glavni autor: Harmon, Rouy L.
Format: Knjiga
Jezik:Undetermined
Izdano: New York The Free Press 1992
Teme:
Oznake: Dodaj oznaku
Bez oznaka, Budi prvi tko označuje ovaj zapis!
Thư viện lưu trữ: Trung tâm Học liệu Trường Đại học Cần Thơ
LEADER 00578nam a2200193Ia 4500
001 CTU_96326
008 210402s9999 xx 000 0 und d
082 |a 658.5 
082 |b H288 
100 |a Harmon, Rouy L. 
245 0 |a Reinventing the factoring II : 
245 0 |b Managing the world class factory 
245 0 |c Rouy L. Harmon ; Foreword by Loery D. Peterson 
260 |a New York 
260 |b The Free Press 
260 |c 1992 
650 |a Production planning,Industrial productivity 
904 |i M.Loan 
980 |a Trung tâm Học liệu Trường Đại học Cần Thơ